| 000 | 00827cab a2200265 4500 | ||
|---|---|---|---|
| 001 | WB3321-24 | ||
| 008 | 090401t1997 xxu||||| |||| 00| 0 eng d | ||
| 035 | _a(Sirsi) u78604 | ||
| 041 | _aeng | ||
| 245 | _aNew town tests labour | ||
| 260 | _c1997 | ||
| 350 | _a0 | ||
| 490 |
_aTimes _v28 May 1997, 11(1) |
||
| 520 | _aGovernment-appointed examiners have recommended that plans to build a new town in Hampshire should go ahead, providing a test for the new government on the conflicting demands of environmental protection and housing need. | ||
| 650 | _aHAMPSHIRE | ||
| 650 | _aLABOUR GOVERNMENT | ||
| 650 | _aMICHELDEVER | ||
| 650 | _aNEW SETTLEMENTS | ||
| 650 | _aNEW TOWNS | ||
| 650 | _aRURAL AREAS | ||
| 650 | _aRURAL DEVELOPMENT | ||
| 690 | _aHOUSING-DEVELOPMENT | ||
| 942 | _n0 | ||
| 948 | _c28/05/1997 | ||
| 999 |
_c49433 _d49433 |
||